The noble scholar, jurist, historian


 His Excellency Dr. Abdul Wahhab bin Ibrahim Abu Sulaiman, may Allah have mercy on him.


 He was born in Umm Al-Qura in the year 1356 AH.

حاشية رد المحتار بخاتمة المحققين محمد أمين الشهير بابن عابدين على الدر المختار : (Record no. 7331)

MARC details
000 -LEADER
fixed length control field 01831cam a22003131i 4500
003 - CONTROL NUMBER IDENTIFIER
control field SA-RiAUC
005 - DATE AND TIME OF LATEST TRANSACTION
control field 20250427043848.0
008 - FIXED-LENGTH DATA ELEMENTS--GENERAL INFORMATION
fixed length control field 241007s1966____ua g 000 0 ara c
040 ## - CATALOGING SOURCE
Original cataloging agency SA-AbKKU
Language of cataloging ara
Transcribing agency SA-RiAUC
Description conventions rda
082 04 - DEWEY DECIMAL CLASSIFICATION NUMBER
Classification number 258.1
090 ## - LOCALLY ASSIGNED LC-TYPE CALL NUMBER (OCLC); LOCAL CALL NUMBER (RLIN)
Classification number (OCLC) (R) ; Classification number, CALL (RLIN) (NR) 258.1
Local cutter number (OCLC) ; Book number/undivided call number, CALL (RLIN) ا ب ن ع
100 1# - MAIN ENTRY--PERSONAL NAME
Personal name ابن عابدين، محمد أمين بن عمر،
Dates associated with a name 1198-1252 هجري
Relator term مؤلف.
245 10 - TITLE STATEMENT
Title حاشية رد المحتار بخاتمة المحققين محمد أمين الشهير بابن عابدين على الدر المختار :
Remainder of title شرح تنوير الأبصار في فقه مذهب الإمام أبي حنيفة النعمان ؛ ويليه تكملة ابن عابدين /
Statement of responsibility, etc. تأليف محمد أمين بن عابدين.
246 30 - VARYING FORM OF TITLE
Title proper/short title شرح تنوير الأبصار في فقه مذهب الإمام أبي حنيفة النعمان
250 ## - EDITION STATEMENT
Edition statement الطبعة الثانية.
264 #1 - PRODUCTION, PUBLICATION, DISTRIBUTION, MANUFACTURE, AND COPYRIGHT NOTICE
Place of production, publication, distribution, manufacture مصر :
Name of producer, publisher, distributor, manufacturer شركة مكتبة مصطفي البابي الحلبي وأولاده،
Date of production, publication, distribution, manufacture, or copyright notice 1966
300 ## - PHYSICAL DESCRIPTION
Extent 8 مجلد ؛
Dimensions 28 سم
336 ## - CONTENT TYPE
Content type term نص
Content type code txt
Source rdacontent
Materials specified كتاب
337 ## - MEDIA TYPE
Media type term بدون وسيط
Media type code n
Source rdamedia
338 ## - CARRIER TYPE
Carrier type term مجلد
Carrier type code nc
Source rdacarrier
650 #7 - SUBJECT ADDED ENTRY--TOPICAL TERM
Topical term or geographic name entry element الفقه الحنفي
Source of heading or term aucsh
700 12 - ADDED ENTRY--PERSONAL NAME
Personal name علاء الدين الحصكفي، محمد بن علي بن محمد،
Dates associated with a name 1025-1088 هجري
Title of a work الدر المختار : شرح تنوير الأبصار.
700 12 - ADDED ENTRY--PERSONAL NAME
Personal name الخطيب التمرتاشي، محمد بن عبد الله بن أحمد،
Dates associated with a name 939-1004 هجري
Title of a work تنوير الأبصار وجامع البحار.
740 22 - ADDED ENTRY--UNCONTROLLED RELATED/ANALYTICAL TITLE
Uncontrolled related/analytical title الدر المختار : شرح تنوير الأبصار.
740 02 - ADDED ENTRY--UNCONTROLLED RELATED/ANALYTICAL TITLE
Uncontrolled related/analytical title تنوير الأبصار وجامع البحار.
740 02 - ADDED ENTRY--UNCONTROLLED RELATED/ANALYTICAL TITLE
Uncontrolled related/analytical title تكملة حاشية ابن عابدين.
942 ## - ADDED ENTRY ELEMENTS (KOHA)
Source of classification or shelving scheme Dewey Decimal Classification
Koha item type Books
Suppress in OPAC No
949 ## - LOCAL PROCESSING INFORMATION (OCLC)
a SA-JeALM
d 241007
u mohamedma123
n 1
Holdings
Withdrawn status Lost status Source of classification or shelving scheme Materials specified (bound volume or other part) Damaged status Not for loan Home library Current library Date acquired Total checkouts Full call number Barcode Date last seen Price effective from Koha item type
    Dewey Decimal Classification الجزء الثاني     DR AbdElwahab Library DR AbdElwahab Library 04/27/2025   258.1 ا ب ن ع 000012209 04/27/2025 04/27/2025 Books
    Dewey Decimal Classification الجزء الخامس     DR AbdElwahab Library DR AbdElwahab Library 04/27/2025   258.1 ا ب ن ع 000012210 04/27/2025 04/27/2025 Books
    Dewey Decimal Classification الجزء الأول     DR AbdElwahab Library DR AbdElwahab Library 08/15/2025   258.1 ا ب ن ع 000017547 08/15/2025 08/15/2025 Books
    Dewey Decimal Classification الجزء الثالث     DR AbdElwahab Library DR AbdElwahab Library 08/15/2025   258.1 ا ب ن ع 000017548 08/15/2025 08/15/2025 Books
    Dewey Decimal Classification الجزء السادس     DR AbdElwahab Library DR AbdElwahab Library 08/15/2025   258.1 ا ب ن ع 000017549 08/15/2025 08/15/2025 Books
    Dewey Decimal Classification الجزء السابع     DR AbdElwahab Library DR AbdElwahab Library 08/15/2025   258.1 ا ب ن ع 000017550 08/15/2025 08/15/2025 Books